000 00433nam a22001577a 4500
005 20251108172224.0
008 250721s1981 xx 000 0 eng d
082 1 4 _aط/154.6/نوم
245 1 0 _aالنوم /
264 1 _aبيروت :
_bمكدونالد الشرق الأوسط,
_c1981.
300 _a24ص
490 0 _aالعالم بين يديك : منوعات
650 1 7 _aالنوم
942 _2ddc
_cBK
999 _c73517
_d73517